[Event "Madrid Oliver Gonzalez Memorial 1st"]
[Site "Madrid"]
[Date "2010.10.16"]
[Round "8"]
[White "Pascual Palomo, Lucia"]
[Black "Martinez Martinez, Antonio"]
[Result "1-0"]
[WhiteElo "2126"]
[BlackElo "1695"]
[PlyCount "65"]
[EventDate "2010.10.09"]
[EventType "swiss"]
[EventRounds "9"]
[EventCountry "ESP"]
[SourceTitle "CBM 138 Extra"]
[Source "ChessBase"]
[SourceDate "2010.10.29"]
[SourceVersion "1"]
[SourceVersionDate "2010.10.29"]
[SourceQuality "1"]

1. e4 g6 2. d4 d6 3. Nc3 c6 4. Be3 Bg7 5. f3 Qb6 6. Qd2 h5 7. 0-0-0 Bh6 8. Bxh6 Nxh6 9. Bc4 e6 10. Nge2 d5 11. Bd3 Ng8 12. Rhe1 Ne7 13. Nf4 Qxd4 14. exd5 e5 15. Re4 Qc5 16. Rxe5 Nd7 17. Ne4 Qd4 18. Nd6+ Kf8 19. Rxe7 Kxe7 20. Nxf7 Rg8 21. Re1+ Ne5 22. Rxe5+ Kf6 23. Ne2 Qf2 24. Qg5+ Kg7 25. Qxg6+ Kf8 26. Qd6+ Kg7 27. Rg5+ Kxf7 28. Bg6+ Kg7 29. Bxh5+ Kh7 30. Qe7+ Kh8 31. Qf6+ Kh7 32. Bg6+ Kh6 33. Rh5# 1-0

[Event "Madrid Oliver Gonzalez Memorial 1st"]
[Site "Madrid"]
[Date "2010.10.09"]
[Round "1"]
[White "Nieto de la Cruz, Julio"]
[Black "Martinez Martinez, Antonio"]
[Result "1-0"]
[WhiteElo "2147"]
[BlackElo "1695"]
[PlyCount "105"]
[EventDate "2010.10.09"]
[EventType "swiss"]
[EventRounds "9"]
[EventCountry "ESP"]
[SourceTitle "CBM 138 Extra"]
[Source "ChessBase"]
[SourceDate "2010.10.29"]
[SourceVersion "1"]
[SourceVersionDate "2010.10.29"]
[SourceQuality "1"]

1. d4 g6 2. c4 d6 3. Nc3 c6 4. e4 Bg7 5. Be2 Qb6 6. Nf3 Bg4 7. Na4 Qc7 8. Be3 Nf6 9. Nc3 Nbd7 10. Qc2 a6 11. 0-0 0-0 12. Rac1 Rac8 13. Rfd1 b5 14. cxb5 cxb5 15. Qb3 Qb7 16. h3 Bxf3 17. Bxf3 e5 18. Qb4 Qb8 19. Be2 Nb6 20. Qa5 exd4 21. Bxd4 Nc4 22. Bxc4 Rxc4 23. Qxa6 Rfc8 24. f3 R8c6 25. Qa5 Ne8 26. Bxg7 Kxg7 27. Ne2 Ra4 28. Qxa4 bxa4 29. Rxc6 Qxb2 30. Nc1 Qb7 31. Rc4 Qa6 32. Rdd4 Nf6 33. Rxa4 Qb6 34. Rab4 Qc5 35. Rbc4 Qb6 36. Nb3 Nd7 37. Kh2 Ne5 38. Ra4 Qb5 39. f4 Nd3 40. Ra5 Qc6 41. Rxd3 Qxe4 42. Rd4 Qe3 43. Ra6 g5 44. Raxd6 gxf4 45. Rd3 Qe5 46. R6d5 Qc7 47. Rf3 Kg6 48. Rd4 Kg5 49. Rdxf4 Qe5 50. Nd4 f6 51. Kh1 Qe1+ 52. Rf1 Qe5 53. Rf5+ 1-0

[Event "Parla op 25th"]
[Site "Parla"]
[Date "2010.09.06"]
[Round "6"]
[White "Rios Barba, Faustino"]
[Black "Martinez Martinez, Antonio"]
[Result "1-0"]
[WhiteElo "1591"]
[BlackElo "1695"]
[PlyCount "71"]
[EventDate "2010.09.04"]
[EventType "swiss"]
[EventRounds "9"]
[EventCountry "ESP"]
[SourceTitle "CBM 138 Extra"]
[Source "ChessBase"]
[SourceDate "2010.10.29"]
[SourceVersion "1"]
[SourceVersionDate "2010.10.29"]
[SourceQuality "1"]

1. d4 g6 2. c4 d6 3. Nc3 c6 4. Bg5 Bg7 5. Nf3 Bg4 6. e3 Bxf3 7. Qxf3 h5 8. Bd3 Nd7 9. h3 h4 10. Qf4 Bf6 11. Ne4 Qa5+ 12. Ke2 d5 13. Nxf6+ Ngxf6 14. Bxh4 Qb4 15. b3 0-0-0 16. Bg3 e5 17. dxe5 Nh5 18. Qd4 Nxg3+ 19. fxg3 Qa5 20. Rab1 Rh5 21. cxd5 Nxe5 22. e4 cxd5 23. b4 Qa3 24. Rbc1+ Kb8 25. Rc3 Qa4 26. g4 Rg5 27. h4 Rxg4 28. Qxe5+ Ka8 29. g3 Re8 30. Qxd5 Qxb4 31. Rhc1 Kb8 32. Rc4 Qb2+ 33. R1c2 Qf6 34. Qd7 Rexe4+ 35. Bxe4 Rxe4+ 36. Rxe4 1-0